000 00318nam a22001337a 4500
008 171108b xxu||||| |||| 00| 0 eng d
020 _a9780808013655
041 _aeng
080 _22ND
_a330.322
100 _a64
101 _aINV
245 _aFORENSIC AND INVESTIGATIVE ACCOUNTING
_cCRUMBLEY,D.L
942 _2udc
_cBK
999 _c38220
_d38220